| 000 | 00574nam a2200229Ia 4500 | ||
|---|---|---|---|
| 005 | 20250425162132.0 | ||
| 008 | 250425s9999 xx 000 0 und d | ||
| 020 | _a9589279473 | ||
| 041 | _aspa | ||
| 082 | _a658.023 | ||
| 100 | _aGONZALEZ LESMES, JOSE ALBERTO | ||
| 245 | 0 | _aCOLECCION PYMES: MERCADEO Y VENTAS | |
| 250 | _a1A ED. | ||
| 260 | _aCALI | ||
| 260 |
_aColombia _bUNIVERSIDAD ICESI/BID _c2001 |
||
| 300 | _a108 | ||
| 650 | _aGESTION EMPRESARIAL | ||
| 650 | _aMARKETING | ||
| 650 | _aPEQUEÑAS Y MEDIANAS EMPRESAS | ||
| 942 | _c01 | ||
| 010 | _a52064 | ||
| 999 |
_c223020 _d223020 |
||